000 00482nam a2200169Ia 4500
003 GCL
008 140319s9999 xx 000 0 ara d
040 _aGCL /
_cGCL
082 0 4 _a229.7
_bع ه
100 1 _aعبدالحليم كامل
245 1 0 _aهذا خلق الله /
_cعبدالحليم كامل
300 _a240 ص
490 _aالهيئة العامة للاستعلامات
_v0
650 0 4 _aالقران - اعجاز
650 0 4 _aالقران
942 _2ddc
_cBK
999 _c48367
_d48367